Countries Spelled the Same in Every Jetpunk Language - Statistics

General Stats
  • This quiz has been taken 11 times
    5 since last reset
  • The average score is 6 of 7
Answer Stats
Continent Country % Correct
Africa Mali
100%
Oceania Nauru
100%
Americas Panama
100%
Africa Angola
75%
Americas Haiti
75%
Americas Guatemala
50%
Africa Togo
50%
No matching quizzes found
Score Distribution
Percent of People with Each Score
Percentile by Number Answered
Your Score History
You have not taken this quiz since the last reset